Ông chủ ( Người tư hữu ) = The Man of property
Guardat en:
| Autor principal: | |
|---|---|
| Format: | Llibre |
| Idioma: | Undetermined |
| Publicat: |
Tp. HCM
Văn Nghệ
2001
|
| Matèries: | |
| Etiquetes: |
Afegir etiqueta
Sense etiquetes, Sigues el primer a etiquetar aquest registre!
|
| Thư viện lưu trữ: | Trung tâm Học liệu Trường Đại học Cần Thơ |
|---|
| LEADER | 00572nam a2200181Ia 4500 | ||
|---|---|---|---|
| 001 | CTU_42454 | ||
| 008 | 210402s9999 xx 000 0 und d | ||
| 082 | |a 823.9 | ||
| 082 | |b G178 | ||
| 100 | |a John Galsworthy | ||
| 245 | 0 | |a Ông chủ ( Người tư hữu ) | |
| 245 | 0 | |b = The Man of property | |
| 245 | 0 | |c John Galsworthy; Dịch giả: Hoàng Túy | |
| 260 | |a Tp. HCM | ||
| 260 | |b Văn Nghệ | ||
| 260 | |c 2001 | ||
| 650 | |a english fiction ( vietnamese ),english literature - 20th century | ||
| 980 | |a Trung tâm Học liệu Trường Đại học Cần Thơ | ||